000 00369nam a2200145Ia 4500
008 221030s9999 xx 000 0 und d
041 _aEnglish
082 _a105.23
_bGup
100 _aJ. B. Gupta
245 0 _aSwitchgear & Protection (Advanced Power System)
_cby J. B. Gupta
260 _bEss Kay Pub
_aNew Delhi
_c1998
300 _a266
650 _aEE
942 _cBK
999 _c2554
_d2554